000 00235nam a22001097a 4500
999 _c12697
_d12697
082 _a954.91
100 _aAhmed Saleem
245 _aPakistan Ki Siyasi Tareekh
250 _aVol.1
260 _aPakistan
_bDarulshaour
_c2018
942 _cBK